Podniková kultúra turistických informačných kancelárií

Poslanie turistických informačných kancelárií na Slovensku, ktoré sú v miestach kde je sústredený cestovný ruch. Podniková kultúra ako významná zložka manažmentu, ktorý pomáha dosiahnuť dlhodobú stabilitu a prosperitu cestovného ruchu. Kvalita služieb turistickej informačnej kancelárie. Podniková ku...

Descrizione completa

Salvato in:
Dettagli Bibliografici
Autore principale: Malachovský, Andrej
Natura: Capitolo di libro
Lingua:slovacco
Soggetti:
Tags: Aggiungi Tag
Nessun Tag, puoi essere il primo ad aggiungerne!!

MARC

LEADER 00000naa a2200000 4500
001 r028191
005 20230724103520.9
041 0 |a slo 
044 |a SK 
245 1 0 |a Podniková kultúra turistických informačných kancelárií  |c Andrej Malachovský 
520 |a Poslanie turistických informačných kancelárií na Slovensku, ktoré sú v miestach kde je sústredený cestovný ruch. Podniková kultúra ako významná zložka manažmentu, ktorý pomáha dosiahnuť dlhodobú stabilitu a prosperitu cestovného ruchu. Kvalita služieb turistickej informačnej kancelárie. Podniková kultúra a jej prejav najmä vo vnútri podnikov a v styku so zákazníkmi. 
610 2 0 |a ruch cestovný 
610 2 0 |a Slovensko 
610 2 0 |a kultúra podniková 
610 2 0 |a kancelárie turistické informačné 
610 2 0 |a služby 
610 2 0 |a zákazníci 
610 2 0 |a výskum 
100 1 |a Malachovský, Andrej